Hodnotenie podpory inovácií z fondov EÚ – Analýza firiem v Českej republike diplomová práca

Salvato in:
Dettagli Bibliografici
Autore principale: Čepko, Michal
Ente Autore: Národohospodárska fakulta EU. Katedra verejnej správy a regionálneho rozvoja
Altri autori: Némethová, Valéria, 1987-
Natura: Libro
Lingua:slovacco
Pubblicazione: Bratislava 2016
Tags: Aggiungi Tag
Nessun Tag, puoi essere il primo ad aggiungerne!!

MARC

LEADER 00000nbm a2200000 4500
001 0223460
005 20170308112538.9
041 0 |a slo 
044 |a SK 
245 1 0 |a Hodnotenie podpory inovácií z fondov EÚ – Analýza firiem v Českej republike  |b diplomová práca  |c Michal Čepko ; školiteľ: Valéria Némethová 
264 1 |a Bratislava  |c 2016 
300 |a 81 s. 
100 1 |a Čepko, Michal 
700 1 |a Némethová, Valéria, 1987- 
710 2 |a Národohospodárska fakulta EU. Katedra verejnej správy a regionálneho rozvoja